Storia delle relazioni sessuali : un completo panorama dell'uomo e del sesso nel tempo e nella storia /

Salvato in:
Dettagli Bibliografici
Autore principale: Morali-Daninos, André (Autore)
Altri autori: Valledro, A.
Natura: Libro
Lingua:italiano
Pubblicazione: Roma : Edizioni mediterranee, [1967]
Serie:Piccola biblioteca medico-sessuologica ; 12
Soggetti:
Tags: Aggiungi Tag
Nessun Tag, puoi essere il primo ad aggiungerne!!

MARC

LEADER 00000nam a22000007i 4500
001 IT\ICCU\SBL\0555044
003 ItRI
005 20260115232441.0
008 910930s1967 it |||||| ||||| |||||c
040 |b ita  |c importazione bologna sebina 
041 7 |a ita  |2 ISO-639-2 
082 |a 301.41  |9 ORGANIZZAZIONE SOCIALE - ISTITUTI SOCIALI  |2 16 
082 |a 301.41  |9 SESSO  |2 17 
100 1 |a Morali-Daninos, André  |0 IT\ICCU\CFIV\084607  |4 aut 
240 1 0 |a Histoire des relations sexuelles. -  |3 IT\ICCU\UM1\0151747  |9 Morali-Daninos, André 
245 1 0 |a Storia delle relazioni sessuali :  |b un completo panorama dell'uomo e del sesso nel tempo e nella storia /  |c Andre' Morali-Daninos. 
260 |a Roma :  |b Edizioni mediterranee,  |c [1967] 
300 |a 130 p. ;  |c 21 cm. 
650 7 |a Sesso  |x Storia 
700 1 |a Valledro, A.  |0 IT\ICCU\SBLV\046318 
830 0 |a Piccola biblioteca medico-sessuologica ;  |v 12  |0 IT\ICCU\SBL\0353954 
942 |2 ddc  |c BK  |n 0 
952 |0 0  |1 0  |4 0  |6 DOC_301_410000000000000_MOR  |7 0  |9 25978  |a BO  |b BO  |d 2026-01-15  |i 429  |l 0  |o DOC 301.41 MOR  |p BO429  |r 2026-01-15 23:24:41  |w 2026-01-15  |x [Sebina 5] [1 v.]  |y BK  |z 1 v. 
999 |c 22011  |d 22011